Central Library OPAC University of Rajshahi
Normal view MARC view

Entry Topical Term

Number of records used in: 2

001 - CONTROL NUMBER

  • control field: 13167

003 - CONTROL NUMBER IDENTIFIER

  • control field: BD-RjUL

005 - DATE AND TIME OF LATEST TRANSACTION

  • control field: 20240526110327.0

008 - FIXED-LENGTH DATA ELEMENTS

  • fixed length control field: 240526|| aca||aabn | a|a d

040 ## - CATALOGING SOURCE

  • Original cataloging agency: BD-RjUL
  • Transcribing agency: BD-RjUL

150 ## - HEADING--TOPICAL TERM

  • Topical term or geographic name entry element: Arthropoda
  • Form subdivision: Lepidoptera

670 ## - SOURCE DATA FOUND

  • Source citation: Work cat.: (BD-RjUL)83817: Hasan, Md. Ariful 13166, Gene Action and Exploitation of Hybrid Vigour in Silkworm, Bombyxmori L. Under the Stress of Different Environmental Condition /, 2011